Student workbook for use with Microecomics, third edition [by] David C. Colander (Record no. 1783)

MARC details
000 -LEADER
fixed length control field 00458nam a22001457a 4500
020 ## - INTERNATIONAL STANDARD BOOK NUMBER
ISBN 9780071093040
050 ## - CALL NUMBER
Classification number HB172
Item number .558
100 ## - AUTHOR
Personal name Douglas W Copeland
110 ## - AUTHOR
CORPORATE AUTHOR David C Colander
245 ## - TITLE
Title Student workbook for use with Microecomics, third edition [by] David C. Colander
Statement of responsibility, etc Douglas W Copeland; David C Colander
250 ## - EDITION
Edition statement 3rd ed.
260 ## - PUBLICATION INFORMATION
Place of publication Boston, Mass.:
Name of publisher Irwin McGraw-Hill,
Year of publication ©1998.
300 ## - DESCRIPTION
Number of Pages viii,241p.:
Other physical details ill.
Dimensions cm.
942 ## - ADDED ENTRY ELEMENTS (KOHA)
Koha item type Books
Holdings
Withdrawn status Lost status Collection code Home library Current library Shelving location Date acquired Full call number Accession Number Copy number Koha item type
    Reference Methodist University Library Main Methodist University Library Main General Stacks 17/01/2018 HB172 .558 31918 1 Books
Copyright © 2026  MUG Library